Flüsse Mecklenburg-Vorpommerns - Statistiken

Allgemein
  • Dieses Quiz wurde 106 mal gespielt
  • Das Durchschnittsergebnis liegt bei 6 aus 19
Antwortstatistiken
Länge (km) Name % Korrekt
1094 Elbe
91%
334 Havel
73%
155 Warnow
72%
143 Peene
62%
208 Elde
53%
103 Uecker
46%
68 Tollense
31%
124 Trave
28%
68 Randow
22%
69 Recknitz
21%
75 Trebel
17%
94 Dosse
11%
52 Stepenitz
9%
85 Sude
9%
52 Rögnitz
7%
66 Löcknitz
6%
60 Nebel
5%
62 Mildenitz
4%
50 Delvenau
2%
Keine übereinstimmenden Quizze gefunden
Verteilung der Resultate
Anzahl Personen mit jedem Resultat
Perzentil nach korrekt beantworteten Fragen
Ihre Resultats-Entwicklung
Sie haben dieses Quiz noch nicht gespielt